L'efficacité de la politique de cohésion de l'Union européenne à travers l’exemple des régions de convergence et des régions de transition
Elmentve itt :
| Szerző: | |
|---|---|
| Dokumentumtípus: | Könyv része |
| Megjelent: |
2018
|
| Sorozat: | Cahiers du centre universitaire Francophone
9 Regards nouveaux sur les défis d’avenir 9 |
| Kulcsszavak: | Kohéziós politika - Európai Unió |
| Tárgyszavak: | |
| Online Access: | http://acta.bibl.u-szeged.hu/63694 |
| LEADER | 00948naa a2200241 i 4500 | ||
|---|---|---|---|
| 001 | acta63694 | ||
| 005 | 20211207080831.0 | ||
| 008 | 200122s2018 hu o 0|| fre d | ||
| 020 | |a 978-615-00-0942-1 | ||
| 022 | |a 2498-5120 | ||
| 040 | |a SZTE Egyetemi Kiadványok Repozitórium |b hun | ||
| 041 | |a fre | ||
| 100 | 1 | |a Bak Mihály | |
| 245 | 1 | 0 | |a L'efficacité de la politique de cohésion de l'Union européenne à travers l’exemple des régions de convergence et des régions de transition |h [elektronikus dokumentum] / |c Bak Mihály |
| 260 | |c 2018 | ||
| 300 | |a 21-32 | ||
| 490 | 0 | |a Cahiers du centre universitaire Francophone |v 9 | |
| 490 | 0 | |a Regards nouveaux sur les défis d’avenir |v 9 | |
| 650 | 4 | |a Társadalomtudományok | |
| 650 | 4 | |a Politikatudomány | |
| 650 | 4 | |a Egyéb társadalomtudományok | |
| 695 | |a Kohéziós politika - Európai Unió | ||
| 856 | 4 | 0 | |u http://acta.bibl.u-szeged.hu/63694/1/009_francophone_021-032.pdf |z Dokumentum-elérés |